[Event "Medicine Hat op"]
[Site "Medicine Hat CAN"]
[Date "2010.09.18"]
[Round "2.2"]
[White "Taylor, William"]
[Black "Adolph, Joel"]
[Result "1/2-1/2"]
[WhiteElo "1907"]
[BlackElo "1708"]
[PlyCount "61"]
[EventDate "2010.09.18"]
[EventType "swiss"]
[EventRounds "5"]
[EventCountry "CAN"]

1. f4 d5 2. b3 Nf6 3. Bb2 g6 4. e3 Bg7 5. Nf3 O-O 6. c4 e6 7. Nc3 b6 8. Be2 Bb7
9. O-O c5 10. d4 Ng4 11. Qd2 dxc4 12. bxc4 Nxe3 13. Qxe3 cxd4 14. Qc1 dxc3 15.
Bxc3 Qc7 16. Bxg7 Kxg7 17. Qc3+ Kg8 18. Ne5 Na6 19. Ng4 Rfd8 20. Nf6+ Kf8 21.
Nxh7+ Kg8 22. Nf6+ Kf8 23. Bf3 Qc5+ 24. Kh1 Bxf3 25. Rxf3 Qd4 26. Rc1 Qxc3 27.
Rfxc3 Rd2 28. a3 Rad8 29. Kg1 Re2 30. R3c2 Rdd2 31. Rxd2 1/2-1/2

[Event "Medicine Hat op"]
[Site "Medicine Hat CAN"]
[Date "2010.09.18"]
[Round "2.3"]
[White "Panteluk, Steven"]
[Black "Schibler, Jordan"]
[Result "1-0"]
[WhiteElo "1680"]
[BlackElo "1810"]
[PlyCount "71"]
[EventDate "2010.09.18"]
[EventType "swiss"]
[EventRounds "5"]
[EventCountry "CAN"]

1. d4 Nf6 2. Nf3 g6 3. g3 Bg7 4. Bg2 d5 5. O-O O-O 6. b3 c6 7. Bb2 Bf5 8. Nbd2
Ne4 9. Nh4 Nxd2 10. Qxd2 Be6 11. Rfe1 Nd7 12. e4 dxe4 13. Rxe4 Bd5 14. Re2 Bxg2
15. Nxg2 e6 16. c4 Nf6 17. Rae1 Qd7 18. Qf4 Nh5 19. Qe3 Rfd8 20. g4 Nf6 21. h3
Ne8 22. Rd1 Nc7 23. Red2 b5 24. f4 a6 25. Ne1 bxc4 26. bxc4 Rab8 27. Nf3 Qe8
28. Ne5 Bxe5 29. Qxe5 Qd7 30. d5 Rxb2 31. Rxb2 cxd5 32. Rb7 Rc8 33. cxd5 exd5
34. Rc1 Re8 35. Qxc7 Qe6 36. Qe5 1-0

[Event "Medicine Hat op"]
[Site "Medicine Hat CAN"]
[Date "2010.09.18"]
[Round "2.4"]
[White "Zuna, Jakov"]
[Black "Scholz, Mike"]
[Result "1-0"]
[WhiteElo "1650"]
[BlackElo "1438"]
[PlyCount "95"]
[EventDate "2010.09.18"]
[EventType "swiss"]
[EventRounds "5"]
[EventCountry "CAN"]

1. Nf3 e6 2. e4 b6 3. d4 d5 4. Bd3 Bb7 5. e5 Qd7 6. Ng5 Na6 7. c3 h6 8. Nf3
O-O-O 9. a4 f6 10. Qe2 Nb8 11. O-O Ne7 12. b4 f5 13. Na3 Qxa4 14. Bd2 Qe8 15.
Nb5 Nec6 16. Nxa7+ Nxa7 17. Rxa7 Nc6 18. Ra2 Kd7 19. Bb5 Ra8 20. Rfa1 Rxa2 21.
Rxa2 Be7 22. c4 Qf7 23. cxd5 exd5 24. Rc2 Qe6 25. h3 Ra8 26. Kh2 g5 27. Ne1 Kc8
28. Qh5 Nxd4 29. Qe8+ Bd8 30. Qxe6+ Nxe6 31. Bc6 Nd4 32. Bxb7+ Kxb7 33. Rb2 Ne6
34. Nf3 Be7 35. g3 Ra3 36. Kg2 h5 37. Ne1 g4 38. h4 Nd4 39. Be3 Nc6 40. Nc2 Rd3
41. e6 Ne5 42. Nd4 Nf3 43. Nxf5 Ne1+ 44. Kf1 Nf3 45. Ke2 Ng1+ 46. Kxd3 Bf6 47.
Bd4 Bxd4 48. Nxd4 1-0

[Event "Medicine Hat op"]
[Site "Medicine Hat CAN"]
[Date "2010.09.18"]
[Round "2.5"]
[White "Longson, Stan"]
[Black "Robertson, Trevor"]
[Result "1-0"]
[WhiteElo "1410"]
[BlackElo "1630"]
[PlyCount "114"]
[EventDate "2010.09.18"]
[EventType "swiss"]
[EventRounds "5"]
[EventCountry "CAN"]

1. d4 d5 2. Nf3 e6 3. c4 c6 4. Nc3 Nf6 5. Bg5 Nbd7 6. e4 dxe4 7. Nxe4 Qa5+ 8.
Bd2 Bb4 9. Bd3 Nxe4 10. Bxe4 Nf6 11. Bd3 c5 12. dxc5 Qxc5 13. Qa4+ Bd7 14. Qxb4
Qxb4 15. Bxb4 O-O-O 16. Be7 Rde8 17. Bxf6 gxf6 18. Kd2 e5 19. Rhe1 Bc6 20. Nh4
Rd8 21. Kc3 Rhe8 22. Bxh7 e4 23. Bf5+ Kb8 24. Rad1 Rxd1 25. Rxd1 e3 26. fxe3
Rxe3+ 27. Kd2 Re5 28. Re1 Ra5 29. a3 Bxg2 30. Re7 Bc6 31. Rxf7 Re5 32. Rxf6 Re8
33. h3 Rd8+ 34. Kc3 Rd1 35. Bg4 Rg1 36. Nf3 Rc1+ 37. Kb3 a5 38. Nd4 Be4 39. Rf7
b5 40. Be6 bxc4+ 41. Bxc4 a4+ 42. Kb4 Bb1 43. Ba6 Ba2 44. Re7 Bd5 45. Kxa4 Rh1
46. b4 Rxh3 47. Ka5 Rh6 48. b5 Bh1 49. b6 Rh8 50. Rc7 Rd8 51. Nc6+ Bxc6 52.
Rxc6 Rd5+ 53. Bb5 Kb7 54. Rc7+ Kb8 55. Ka6 Rd6 56. a4 Rf6 57. Bd7 Rf8 1-0

[Event "Medicine Hat op"]
[Site "Medicine Hat CAN"]
[Date "2010.09.18"]
[Round "2.6"]
[White "Viminitz, Paul"]
[Black "Berndtsson, Kurt"]
[Result "1-0"]
[WhiteElo "1615"]
[BlackElo "1322"]
[PlyCount "89"]
[EventDate "2010.09.18"]
[EventType "swiss"]
[EventRounds "5"]
[EventCountry "CAN"]

1. Nf3 g6 2. g3 Bg7 3. Bg2 d6 4. O-O Nc6 5. c3 Be6 6. d4 Nf6 7. b4 Qd7 8. b5
Na5 9. a4 Bh3 10. Bb2 Bxg2 11. Kxg2 d5 12. Nbd2 h5 13. Qc2 h4 14. Nxh4 Rxh4 15.
gxh4 Qg4+ 16. Kh1 O-O-O 17. f3 Qxh4 18. Rg1 Nc4 19. Nxc4 dxc4 20. e4 Rh8 21.
Qg2 b6 22. e5 Nd5 23. Qg4+ e6 24. Qxh4 Rxh4 25. Rg4 Rh5 26. Rag1 Bh6 27. Bc1
Ne3 28. Bxe3 Bxe3 29. Rf1 Kb7 30. f4 c6 31. Rf3 Bd2 32. Rg1 Rh4 33. Rgf1 c5 34.
dxc5 bxc5 35. Kg2 Kb6 36. Kg3 Rh8 37. Rd1 Rd8 38. Kg4 Ka5 39. Rf2 Be3 40. Rxd8
Bxf2 41. Rd7 f5+ 42. exf6 Bd4 43. cxd4 c3 44. Rc7 Kb6 45. Rxc5 1-0

[Event "Medicine Hat op"]
[Site "Medicine Hat CAN"]
[Date "2010.09.18"]
[Round "3.1"]
[White "Yearwood, Roy"]
[Black "Panteluk, Steven"]
[Result "1/2-1/2"]
[WhiteElo "2072"]
[BlackElo "1680"]
[PlyCount "62"]
[EventDate "2010.09.18"]
[EventType "swiss"]
[EventRounds "5"]
[EventCountry "CAN"]

1. c4 e6 2. d4 Nf6 3. Nf3 d5 4. g3 b6 5. Bg2 Bb7 6. O-O Be7 7. Nc3 O-O 8. b3
Nbd7 9. Bb2 c5 10. cxd5 Nxd5 11. Nxd5 Bxd5 12. Qd2 Rc8 13. Rad1 Bf6 14. dxc5
Bxb2 15. Qxb2 Rxc5 16. Rd2 Qc7 17. Rfd1 Rc8 18. Ne1 Nf6 19. Nd3 Rc3 20. Bxd5
Nxd5 21. Nb4 Nf6 22. Rd3 h6 23. Rxc3 Qxc3 24. Rd8+ Kh7 25. Qb1+ g6 26. Rxc8
Qxc8 27. Qb2 Qd8 28. Nd3 Nd5 29. Qd4 Qc7 30. Ne5 Nc3 31. Qe3 Nxa2 1/2-1/2

[Event "Medicine Hat op"]
[Site "Medicine Hat CAN"]
[Date "2010.09.18"]
[Round "3.2"]
[White "Schibler, Jordan"]
[Black "Taylor, William"]
[Result "1/2-1/2"]
[WhiteElo "1810"]
[BlackElo "1907"]
[PlyCount "75"]
[EventDate "2010.09.18"]
[EventType "swiss"]
[EventRounds "5"]
[EventCountry "CAN"]

1. d4 d5 2. c4 Nf6 3. Nc3 e6 4. Bg5 Be7 5. e3 O-O 6. Nf3 c6 7. Bd3 h6 8. Bh4
dxc4 9. Bxc4 Nd5 10. Bxe7 Qxe7 11. O-O Qb4 12. Qb3 Qxb3 13. Bxb3 Nxc3 14. bxc3
Nd7 15. c4 b6 16. Rfc1 c5 17. Ba4 f6 18. Bc6 Rb8 19. a4 Rf7 20. d5 Nf8 21. e4
Bb7 22. Bxb7 Rbxb7 23. Re1 exd5 24. exd5 Rfe7 25. Kf1 Kf7 26. Rxe7+ Rxe7 27.
Re1 Ng6 28. g3 Rxe1+ 29. Kxe1 Ne7 30. Ke2 Nf5 31. Kd3 Nd6 32. g4 g6 33. Nd2 f5
34. h3 Kf6 35. f4 g5 36. Ke3 Kg6 37. Kf3 Kf6 38. Ke3 1/2-1/2

[Event "Medicine Hat op"]
[Site "Medicine Hat CAN"]
[Date "2010.09.18"]
[Round "3.3"]
[White "Adolph, Joel"]
[Black "Quiring, John"]
[Result "1/2-1/2"]
[WhiteElo "1708"]
[BlackElo "1796"]
[PlyCount "61"]
[EventDate "2010.09.18"]
[EventType "swiss"]
[EventRounds "5"]
[EventCountry "CAN"]

1. Nf3 Nf6 2. g3 g6 3. Bg2 c5 4. d3 Bg7 5. e4 Nc6 6. O-O O-O 7. Nc3 e6 8. Bg5
Qa5 9. Re1 h6 10. Bd2 Qd8 11. Qc1 Kh7 12. h3 d5 13. Nh2 dxe4 14. Nxe4 Nxe4 15.
Rxe4 Bd7 16. Rh4 h5 17. Bg5 Bf6 18. Be4 Kg8 19. Bxf6 Qxf6 20. c3 Ne5 21. Qh6
Qg7 22. Qxg7+ Kxg7 23. f4 Nc6 24. g4 hxg4 25. hxg4 Rh8 26. Rxh8 Rxh8 27. Kg2 b6
28. Kg3 Ne7 29. Re1 Bc6 30. Nf3 Bxe4 31. dxe4 1/2-1/2

[Event "Medicine Hat op"]
[Site "Medicine Hat CAN"]
[Date "2010.09.18"]
[Round "3.4"]
[White "Viminitz, Paul"]
[Black "Zuna, Jakov"]
[Result "0-1"]
[WhiteElo "1615"]
[BlackElo "1650"]
[PlyCount "107"]
[EventDate "2010.09.18"]
[EventType "swiss"]
[EventRounds "5"]
[EventCountry "CAN"]

1. Nf3 c5 2. g3 Nc6 3. Bg2 Nf6 4. b3 d5 5. Bb2 e6 6. d3 Bd6 7. Nbd2 O-O 8. O-O
h6 9. Re1 Ng4 10. e4 Nge5 11. Nxe5 Bxe5 12. Bxe5 Nxe5 13. exd5 Ng6 14. dxe6
fxe6 15. Ne4 Qc7 16. Qh5 Ne5 17. f4 Rf5 18. Qe2 Nc6 19. c3 b6 20. Bh3 Rf8 21.
Nd2 Rf6 22. Nf3 Ne7 23. c4 Nf5 24. Bxf5 exf5 25. Qe5 Qb7 26. Nd2 Be6 27. Qc3
Rd8 28. Re3 Qd7 29. Rae1 Qd6 30. Nf3 Kh7 31. Rd1 Bc8 32. d4 cxd4 33. Rxd4 Qc7
34. Rxd8 Qxd8 35. Rd3 Qe8 36. Ne5 Bb7 37. Qd4 Qh5 38. Rd2 Be4 39. Nd7 Rf7 40.
Ne5 Re7 41. Rf2 Qe8 42. b4 Qa4 43. Qd2 Qe8 44. Qe3 Qa4 45. Qd2 Rb7 46. h3 Qa3
47. Kh2 a5 48. b5 h5 49. h4 Qc5 50. Kh3 Re7 51. Kh2 Re6 52. Re2 Rd6 53. Qc3 Rd1
54. Re1 0-1

[Event "Medicine Hat op"]
[Site "Medicine Hat CAN"]
[Date "2010.09.18"]
[Round "3.5"]
[White "Scholz, Mike"]
[Black "Longson, Stan"]
[Result "0-1"]
[WhiteElo "1438"]
[BlackElo "1410"]
[PlyCount "130"]
[EventDate "2010.09.18"]
[EventType "swiss"]
[EventRounds "5"]
[EventCountry "CAN"]

1. e4 e5 2. d4 d6 3. d5 c6 4. Bc4 Be7 5. Nf3 Bg4 6. O-O Nf6 7. Nc3 O-O 8. h3
Bh5 9. Qd3 a6 10. Nh2 c5 11. a4 Nbd7 12. Qg3 Ne8 13. Be2 Bg6 14. f4 f5 15. exf5
Bxf5 16. fxe5 Nxe5 17. Bh6 Ng6 18. Bd2 Bxc2 19. Rxf8+ Kxf8 20. Rf1+ Nf6 21. Bd3
Bxd3 22. Qxd3 Kg8 23. Bg5 Ne5 24. Qf5 Qd7 25. Qxd7 Nexd7 26. Re1 Ne5 27. Nf3
Nxf3+ 28. gxf3 Kf7 29. b3 Nxd5 30. Nxd5 Bxg5 31. Kg2 b5 32. Re4 Rb8 33. f4 Bd8
34. axb5 Rxb5 35. b4 a5 36. bxc5 Rxc5 37. Ne3 d5 38. Re5 a4 39. Rxd5 Rxd5 40.
Nxd5 a3 41. Nb4 Ke6 42. Kf3 Kd6 43. Ke3 Ba5 44. Na2 Kd5 45. Kd3 Bc7 46. Kc3 Ke4
47. Kb3 Bd6 48. Nc3+ Kxf4 49. Nd5+ Kg3 50. Ne3 Kxh3 51. Nf5 Bf8 52. Nxg7 Bxg7
53. Kxa3 h5 54. Kb3 Kg3 55. Kc2 h4 56. Kd3 h3 57. Ke4 h2 58. Kf5 h1=Q 59. Kg6
Qh6+ 60. Kf7 Ba1 61. Ke8 Qg7 62. Kd8 Kf4 63. Kc8 Ke5 64. Kb8 Kd6 65. Ka8 Kc6
0-1

[Event "Medicine Hat op"]
[Site "Medicine Hat CAN"]
[Date "2010.09.18"]
[Round "3.6"]
[White "Robertson, Trevor"]
[Black "Berndtsson, Kurt"]
[Result "1-0"]
[WhiteElo "1630"]
[BlackElo "1322"]
[PlyCount "96"]
[EventDate "2010.09.18"]
[EventType "swiss"]
[EventRounds "5"]
[EventCountry "CAN"]

1. c4 d6 2. Nf3 Nf6 3. Nc3 g6 4. b3 Bg7 5. Bb2 O-O 6. Nd5 Nc6 7. Nxf6+ exf6 8.
g3 b6 9. Bg2 Rb8 10. O-O Ne5 11. Nxe5 fxe5 12. d4 Re8 13. dxe5 Bxe5 14. Bxe5
Rxe5 15. f4 Re7 16. e4 Bb7 17. Re1 Qd7 18. e5 Bxg2 19. Kxg2 Rbe8 20. Qd5 Kf8
21. Rad1 Re6 22. Kf2 Rd8 23. g4 Ke7 24. exd6+ cxd6 25. f5 Rxe1 26. Rxe1+ Kf8
27. Qd4 Kg8 28. f6 Re8 29. Rxe8+ Qxe8 30. Qxd6 Qc8 31. h4 h6 32. Kg3 Kh7 33. h5
gxh5 34. gxh5 Qg8+ 35. Kf2 Qg5 36. Qd3+ Kg8 37. Qg3 Kh7 38. Qxg5 hxg5 39. Kg3
a5 40. a3 Kh6 41. Kg4 Kh7 42. Kxg5 Kg8 43. b4 axb4 44. axb4 Kh7 45. c5 bxc5 46.
bxc5 Kg8 47. c6 Kh7 48. c7 Kg8 1-0

[Event "Medicine Hat op"]
[Site "Medicine Hat CAN"]
[Date "2010.09.19"]
[Round "4.1"]
[White "Taylor, William"]
[Black "Yearwood, Roy"]
[Result "0-1"]
[WhiteElo "1907"]
[BlackElo "2072"]
[PlyCount "82"]
[EventDate "2010.09.18"]
[EventType "swiss"]
[EventRounds "5"]
[EventCountry "CAN"]

1. Nf3 Nf6 2. g3 b6 3. Bg2 Bb7 4. c4 c5 5. O-O e6 6. d4 cxd4 7. Nxd4 Bxg2 8.
Kxg2 Qc7 9. b3 Qb7+ 10. Kg1 d5 11. cxd5 Nxd5 12. Bb2 Be7 13. e3 Nd7 14. Nc3
Nxc3 15. Bxc3 Rc8 16. Rc1 O-O 17. Qf3 Qxf3 18. Nxf3 Ba3 19. Rcd1 Nc5 20. Nd4
Ne4 21. Be1 Rfd8 22. f3 Nd6 23. Ne2 Rc2 24. Nc3 Bc5 25. Nb5 Rxa2 26. Bf2 Kf8
27. Nxd6 Rxd6 28. Rxd6 Bxd6 29. Rb1 Ke7 30. f4 b5 31. Kg2 b4 32. Kf3 f5 33. Bg1
Bc5 34. g4 Rc2 35. g5 Rc3 36. h4 g6 37. Bf2 Kd7 38. Ke2 Kc6 39. Kd2 Kd5 40. Rc1
Ke4 41. Rxc3 bxc3+ 0-1

[Event "Medicine Hat op"]
[Site "Medicine Hat CAN"]
[Date "2010.09.19"]
[Round "4.2"]
[White "Quiring, John"]
[Black "Schibler, Jordan"]
[Result "0-1"]
[WhiteElo "1796"]
[BlackElo "1810"]
[PlyCount "84"]
[EventDate "2010.09.18"]
[EventType "swiss"]
[EventRounds "5"]
[EventCountry "CAN"]

1. e4 e5 2. Nf3 Nf6 3. Bc4 Nc6 4. Qe2 Bc5 5. c3 d6 6. h3 a5 7. O-O O-O 8. Rd1
h6 9. d3 Qe7 10. Nbd2 Be6 11. Bxe6 fxe6 12. Nf1 Bb6 13. Be3 Bxe3 14. Qxe3 Nd7
15. d4 exd4 16. Nxd4 Nxd4 17. cxd4 e5 18. Rac1 Rac8 19. Ng3 Qf7 20. d5 Nc5 21.
Nf5 Nxe4 22. Qxe4 Qxf5 23. Qxf5 Rxf5 24. Rd3 Rf7 25. Ra3 b6 26. f3 Kf8 27. Rac3
Ke8 28. Rc4 Kd8 29. Kf2 Rb8 30. Rc6 Rd7 31. Ke3 Kc8 32. Ke4 Kb7 33. R1c4 Rf8
34. Ke3 Rf6 35. b4 axb4 36. Rxb4 Rdf7 37. Rcc4 g5 38. Kd3 Rf4 39. Ke3 Rxc4 40.
Rxc4 Rf4 41. Rxf4 gxf4+ 42. Ke4 c5 0-1

[Event "Medicine Hat op"]
[Site "Medicine Hat CAN"]
[Date "2010.09.19"]
[Round "4.3"]
[White "Panteluk, Steven"]
[Black "Adolph, Joel"]
[Result "1/2-1/2"]
[WhiteElo "1680"]
[BlackElo "1708"]
[PlyCount "72"]
[EventDate "2010.09.18"]
[EventType "swiss"]
[EventRounds "5"]
[EventCountry "CAN"]

1. d4 c5 2. Nf3 g6 3. g3 Bg7 4. Bg2 Nf6 5. O-O cxd4 6. Nxd4 Nc6 7. c4 O-O 8.
Nc3 a6 9. Nxc6 bxc6 10. Qd3 Bb7 11. e4 d6 12. Re1 Nd7 13. b3 Qc7 14. Bb2 Ne5
15. Qc2 Rfd8 16. Re2 e6 17. Rd1 c5 18. Red2 Nc6 19. Ne2 e5 20. a3 a5 21. Nc3
Nd4 22. Nd5 Bxd5 23. Bxd4 exd4 24. exd5 Rdb8 25. Re1 Qb7 26. Rd3 Ra6 27. a4 Rb6
28. Rb1 Rb4 29. Re1 Kf8 30. Qe2 Bf6 31. Qf3 Kg7 32. Qf4 Be5 33. Qd2 Qc7 34. f4
Bf6 35. Qc2 Qd7 36. Bf3 Re8 1/2-1/2

[Event "Medicine Hat op"]
[Site "Medicine Hat CAN"]
[Date "2010.09.19"]
[Round "4.4"]
[White "Zuna, Jakov"]
[Black "Longson, Stan"]
[Result "1-0"]
[WhiteElo "1650"]
[BlackElo "1410"]
[PlyCount "81"]
[EventDate "2010.09.18"]
[EventType "swiss"]
[EventRounds "5"]
[EventCountry "CAN"]

1. Nf3 d6 2. e4 e5 3. Nc3 Bg4 4. Bc4 Nf6 5. h3 Bh5 6. O-O Be7 7. d3 O-O 8. a4
a6 9. Be3 Qd7 10. Nb1 c5 11. Nbd2 Nc6 12. c3 Rfb8 13. Qc2 Qc7 14. Nh2 Na5 15.
Ba2 b5 16. axb5 axb5 17. f4 c4 18. fxe5 dxe5 19. Bg5 Rd8 20. dxc4 Nxc4 21. Nhf3
h6 22. Bh4 Ne3 23. Qb3 Nxf1 24. Rxf1 g5 25. Bg3 Bd6 26. Kh1 g4 27. hxg4 Nxg4
28. Nh4 Bc5 29. Ndf3 Rd3 30. Nf5 b4 31. Qc4 Rad8 32. Bb3 bxc3 33. bxc3 Qa7 34.
Bxe5 R8d7 35. Bd4 Rxf3 36. gxf3 Bxd4 37. fxg4 Bg6 38. cxd4 Bxf5 39. gxf5 Rxd4
40. Qc8+ Kh7 41. Rg1 1-0

[Event "Medicine Hat op"]
[Site "Medicine Hat CAN"]
[Date "2010.09.19"]
[Round "4.5"]
[White "Robertson, Trevor"]
[Black "Viminitz, Paul"]
[Result "0-1"]
[WhiteElo "1630"]
[BlackElo "1615"]
[PlyCount "92"]
[EventDate "2010.09.18"]
[EventType "swiss"]
[EventRounds "5"]
[EventCountry "CAN"]

1. d4 Nf6 2. c4 g6 3. Nc3 Bg7 4. e4 d6 5. Nf3 O-O 6. h3 b6 7. Bg5 Bb7 8. Bd3
Nbd7 9. O-O h6 10. Bh4 g5 11. Bg3 Nh7 12. d5 e6 13. Rc1 Nc5 14. Bb1 e5 15. b4
Nd7 16. Qe2 Ndf6 17. h4 g4 18. Nh2 Bc8 19. Qe3 Nh5 20. Ne2 Nxg3 21. fxg3 h5 22.
c5 Nf6 23. c6 Kh7 24. Qf2 Ng8 25. Qe1 Nh6 26. Rf2 f5 27. Nf1 f4 28. gxf4 Qxh4
29. g3 Qe7 30. Rh2 Qe8 31. Ne3 Ng8 32. Kg2 Nf6 33. Qh1 Kg8 34. Rf1 Ba6 35. Kf2
Bxe2 36. Kxe2 b5 37. Nf5 exf4 38. Rxf4 Nxd5 39. Nxg7 Nxf4+ 40. gxf4 Kxg7 41.
Rxh5 Rh8 42. Rg5+ Kf7 43. Qg2 Qxc6 44. Qxg4 Rh2+ 45. Ke3 Qc1+ 46. Kf3 Qc3+ 0-1

[Event "Medicine Hat op"]
[Site "Medicine Hat CAN"]
[Date "2010.09.19"]
[Round "4.6"]
[White "Berndtsson, Kurt"]
[Black "Scholz, Mike"]
[Result "0-1"]
[WhiteElo "1322"]
[BlackElo "1438"]
[PlyCount "62"]
[EventDate "2010.09.18"]
[EventType "swiss"]
[EventRounds "5"]
[EventCountry "CAN"]

1. e4 g6 2. Nf3 Bg7 3. e5 Nc6 4. Qe2 d6 5. d4 Bg4 6. h3 Bxf3 7. gxf3 Nxd4 8.
Qe4 dxe5 9. Be3 f5 10. Qd3 Nxf3+ 11. Ke2 Qxd3+ 12. cxd3 e4 13. Nc3 Bxc3 14.
bxc3 O-O-O 15. Rd1 Nf6 16. Bxa7 Nd5 17. Rc1 b6 18. Bg2 Nf4+ 19. Kd1 Rxd3+ 20.
Kc2 Nxg2 21. Kb3 Kb7 22. Bxb6 cxb6 23. Rhg1 Nf4 24. Rgd1 Rhd8 25. Kc2 Rxd1 26.
Rxd1 Rxd1 27. Kxd1 Nxh3 28. Ke2 h5 29. Ke3 h4 30. c4 e5 31. a4 Nf4 0-1

[Event "Medicine Hat op"]
[Site "Medicine Hat CAN"]
[Date "2010.09.19"]
[Round "5.1"]
[White "Yearwood, Roy"]
[Black "Schibler, Jordan"]
[Result "1-0"]
[WhiteElo "2072"]
[BlackElo "1810"]
[PlyCount "137"]
[EventDate "2010.09.18"]
[EventType "swiss"]
[EventRounds "5"]
[EventCountry "CAN"]

1. e4 e5 2. f4 exf4 3. Bc4 Qh4+ 4. Kf1 d6 5. Nc3 Be6 6. Qe2 Nd7 7. Nf3 Qe7 8.
d4 g5 9. h4 Bxc4 10. Qxc4 Nb6 11. Qb5+ c6 12. Qxg5 Bh6 13. Qxe7+ Kxe7 14. Ke2
Nf6 15. Kd3 Nh5 16. g4 Ng3 17. Rg1 f6 18. Rxg3 fxg3 19. Bxh6 Rhg8 20. g5 Nd7
21. Rg1 fxg5 22. Bxg5+ Ke6 23. Ne2 Raf8 24. Nf4+ Kf7 25. Bh6 Re8 26. Ng5+ Ke7
27. Rxg3 Nf6 28. e5 dxe5 29. dxe5 Rd8+ 30. Ke2 Nd5 31. Rf3 Rde8 32. Nxd5+ cxd5
33. Rf7+ Kd8 34. Nf3 Rg2+ 35. Kd3 Rg3 36. Kd4 Rg2 37. Rxb7 Rxc2 38. Nd2 Re6 39.
Bf4 Ra6 40. Kd3 Rc7 41. Rxc7 Kxc7 42. a3 Ra4 43. Bg5 Kd7 44. Nb3 Rg4 45. Nd4
Rg2 46. b4 Rg3+ 47. Be3 Rg4 48. h5 a6 49. a4 Rg2 50. Ne2 Rh2 51. Nf4 Kc6 52. e6
Rh4 53. Kd4 Kd6 54. b5 axb5 55. axb5 Rh1 56. b6 Ra1 57. e7 Ra4+ 58. Kd3 Ra8 59.
b7 Rb8 60. Ba7 Re8 61. b8=Q+ Rxb8 62. Bxb8+ Kxe7 63. Be5 Kf7 64. h6 Ke7 65. Kd4
Kf7 66. Kxd5 Ke7 67. Bg7 Kf7 68. Nh5 Kg8 69. Nf6+ 1-0

[Event "Medicine Hat op"]
[Site "Medicine Hat CAN"]
[Date "2010.09.19"]
[Round "5.2"]
[White "Zuna, Jakov"]
[Black "Panteluk, Steven"]
[Result "1/2-1/2"]
[WhiteElo "1650"]
[BlackElo "1680"]
[PlyCount "55"]
[EventDate "2010.09.18"]
[EventType "swiss"]
[EventRounds "5"]
[EventCountry "CAN"]

1. e4 c5 2. Nc3 Nc6 3. Nf3 d6 4. Bc4 e6 5. O-O Be7 6. h3 Nf6 7. d4 O-O 8. a3
Na5 9. Ba2 b6 10. Qe2 Nc6 11. d5 Nd4 12. Qd3 e5 13. Nh2 h6 14. f4 Nh7 15. Nd1
a5 16. a4 Ba6 17. Bc4 Qc8 18. Ne3 exf4 19. Rxf4 Bxc4 20. Nxc4 Qa6 21. b3 b5 22.
axb5 Qxb5 23. Rf1 a4 24. bxa4 Rxa4 25. Rxa4 Qxa4 26. Bf4 Rd8 27. Ng4 Qxc2 28.
Qxc2 1/2-1/2

[Event "Medicine Hat op"]
[Site "Medicine Hat CAN"]
[Date "2010.09.19"]
[Round "5.4"]
[White "Longson, Stan"]
[Black "Taylor, William"]
[Result "0-1"]
[WhiteElo "1410"]
[BlackElo "1907"]
[PlyCount "50"]
[EventDate "2010.09.18"]
[EventType "swiss"]
[EventRounds "5"]
[EventCountry "CAN"]

1. d4 Nf6 2. Nf3 d5 3. Bf4 e6 4. c4 c6 5. Nc3 Bd6 6. Bxd6 Qxd6 7. e3 Qb4 8. Qd2
dxc4 9. a3 Qb3 10. Ne5 Nbd7 11. Bxc4 Qb6 12. Nf3 Qc7 13. b4 Nb6 14. Bd3 Nbd5
15. Qc2 Nxc3 16. Qxc3 Nd5 17. Qc2 h6 18. Rc1 Qe7 19. b5 Qxa3 20. bxc6 Nb4 21.
Qc3 Qxc1+ 22. Qxc1 Nxd3+ 23. Kd2 Nxc1 24. Rxc1 bxc6 25. Rxc6 Bb7 0-1

[Event "Medicine Hat op"]
[Site "Medicine Hat CAN"]
[Date "2010.09.19"]
[Round "5.5"]
[White "Berndtsson, Kurt"]
[Black "Quiring, John"]
[Result "0-1"]
[WhiteElo "1322"]
[BlackElo "1796"]
[PlyCount "98"]
[EventDate "2010.09.18"]
[EventType "swiss"]
[EventRounds "5"]
[EventCountry "CAN"]

1. e4 e5 2. Nf3 Nc6 3. Nc3 d6 4. Bb5 a6 5. Bxc6+ bxc6 6. O-O Bg4 7. d3 Nf6 8.
b3 Qd7 9. Re1 Be7 10. d4 Bxf3 11. Qxf3 exd4 12. Ne2 O-O 13. Bb2 c5 14. Rad1 Ng4
15. h3 Ne5 16. Qg3 f5 17. Nf4 fxe4 18. Rxe4 Qf5 19. f3 c6 20. c4 Bg5 21. Bc1
Bxf4 22. Bxf4 Rae8 23. Rde1 d3 24. Kf2 d2 25. Rd1 Nd3+ 26. Kg1 Nxf4 27. Rxd2
Rxe4 28. fxe4 Qxe4 29. Kh2 Rf6 30. Qg4 Qe5 31. g3 Qe1 32. Qd1 Qxd1 33. Rxd1 Ne2
34. h4 Nd4 35. Kg2 Kf7 36. Rb1 a5 37. a3 Rf3 38. a4 Nxb3 39. Kxf3 Nd2+ 40. Kf4
Nxb1 41. Kf5 Nc3 42. g4 Nxa4 43. g5 Nb6 44. h5 h6 45. g6+ Ke7 46. Ke4 a4 47.
Kd3 Kf6 48. Kc3 Kg5 49. Kb2 Kxh5 0-1

[Event "Medicine Hat op"]
[Site "Medicine Hat CAN"]
[Date "2010.09.19"]
[Round "5.6"]
[White "Scholz, Mike"]
[Black "Robertson, Trevor"]
[Result "0-1"]
[WhiteElo "1438"]
[BlackElo "1630"]
[PlyCount "104"]
[EventDate "2010.09.18"]
[EventType "swiss"]
[EventRounds "5"]
[EventCountry "CAN"]

1. c4 d5 2. Qb3 e6 3. Nf3 c6 4. d4 Nf6 5. Bg5 Nbd7 6. c5 b6 7. Ne5 bxc5 8. e3
Nxe5 9. dxe5 h6 10. Bxf6 gxf6 11. exf6 Qxf6 12. Qa4 Bd7 13. Qc2 Rb8 14. Qc3 d4
15. Qa5 dxe3 16. fxe3 Qh4+ 17. g3 Qb4+ 18. Qxb4 Rxb4 19. b3 Bg7 20. a3 Rxb3 21.
Bc4 Rxe3+ 22. Kd2 Re4 23. Bd3 Rd4 24. Ke2 Rxd3 25. Kxd3 Bxa1 26. Nc3 Bxc3 27.
Kxc3 Rg8 28. Kc4 Rg5 29. Rb1 Ke7 30. Rb7 Kd6 31. Rxa7 Rg4+ 32. Kc3 e5 33. Kd3
Rd4+ 34. Ke3 Be6 35. Ra8 Bd5 36. Rh8 Ra4 37. Rxh6+ Ke7 38. Rh5 Rxa3+ 39. Kf2 f6
40. Rh7+ Ke6 41. g4 c4 42. h4 c3 43. g5 fxg5 44. hxg5 Kf5 45. Rh1 Kxg5 46. Rc1
Kf4 47. Ke1 Ke3 48. Kd1 Be4 49. Ke1 Rb3 50. Kd1 Rb1 51. Rxb1 c2+ 52. Ke1
cxb1=Q# 0-1

[Event "Mercredi 2010.01.06 ABCD"]
[Site "Montreal CAN"]
[Date "2010.01.06"]
[Round "1"]
[White "Dobrev, Martin"]
[Black "Cote, Philippe"]
[Result "1-0"]
[WhiteElo "1818"]
[BlackElo "1767"]
[PlyCount "75"]
[EventDate "2010.01.06"]
[EventType "tourn"]
[EventRounds "5"]
[EventCountry "CAN"]

1. d4 d6 2. Nf3 Nf6 3. g3 g6 4. Bg2 Bg7 5. O-O O-O 6. b3 Nbd7 7. Bb2 a5 8. c4
c6 9. Nc3 Rb8 10. d5 Nc5 11. Nd4 cxd5 12. cxd5 Bd7 13. Qd2 b5 14. Nc6 Bxc6 15.
dxc6 e6 16. Rac1 b4 17. Na4 Na6 18. Rfd1 Ne8 19. Bxg7 Kxg7 20. Nc5 Nxc5 21.
Rxc5 Qb6 22. c7 Rc8 23. Rc6 Qa7 24. Rdc1 d5 25. Qb2+ Kg8 26. Qe5 Ng7 27. g4 f6
28. Qd6 Rf7 29. e3 Qb7 30. R1c5 a4 31. bxa4 b3 32. axb3 Qxb3 33. a5 Qd1+ 34.
Bf1 Qxg4+ 35. Qg3 Qxg3+ 36. hxg3 Ne8 37. Rxe6 Kg7 38. Rxe8 1-0